000 00783cam a2200241 a 4500
001 4925009
005 20250623131700.0
008 950510s1995 nyu b 001 0deng
020 _a0883449994 (pbk. : alk. paper)
050 0 0 _aBR1430
_b.O38 1995
082 0 0 _a276.6/082/082
_220
100 1 _aOduyoye, Mercy Amba.
245 1 0 _aDaughters of Anowa :
_bAfrican women and patriarchy /
_cMercy Amba Oduyoye.
260 _aMaryknoll, NY :
_bOrbis Books,
_cc1995.
300 _aix, 229 p. ;
_c21 cm.
650 0 _aWomen in Christianity
_zAfrica, Sub-Saharan.
650 0 _aFeminist theology.
650 0 _aWomen, Ashanti.
650 0 _aWomen, Yoruba.
650 0 _aPatriarchy
_zAfrica, Sub-Saharan.
650 0 _aPatriarchy
_xReligious aspects
_xChristianity.
942 _2lcc
_cBK
_n0
999 _c6635
_d6635